El Hábito

Gespeichert in:
Bibliographische Detailangaben
1. Verfasser: Ravaisson, Félix
Format: Buch
Sprache:Undetermined
Veröffentlicht: Buenos Aires, Argentina Aguilar 1960
Schlagworte:
Tags: Tag hinzufügen
Keine Tags, Fügen Sie den ersten Tag hinzu!

MARC

LEADER 00000nam a2200000Ia 4500
008 170316s9999 xx 000 0 und d
090 |a 100 R-9.1h 
100 |a Ravaisson, Félix 
245 |a El Hábito 
260 |a Buenos Aires, Argentina 
260 |b Aguilar 
260 |c 1960 
300 |a 72 páginas 
650 |a FILOSOFÍA 
999 |c 17528  |d 17528 
040 |a cru BVZT 
942 |c 15 D  |h 100 R-9.1h  |2 z